000 00603nam a2200181Ia 4500
008 090123s9999 xx 000 0 und d
082 _b33778
100 _aडहाके वसंत आ.
245 _aयात्रा:अंतर्यात्रा
250 _a1
260 _bशब्द प्रकाशन
_c1999
300 _a168
600 _aडहाके वसंत आ.
630 _aयात्रा:अंतर्यात्रा
700 _aडहाके वसंत आ.
730 _aयात्रा:अंतर्यात्रा
942 _cBOOK
999 _c71819
_d71819